[Event "Maharashtra op 3rd"]
[Site "Hadapsar"]
[Date "2025.04.21"]
[Round "2"]
[White "Sri, Sai Baswanth P"]
[Black "Srihari, Lakshmi"]
[Result "0-1"]
[WhiteElo "2213"]
[BlackElo "2377"]
[PlyCount "76"]
[EventDate "2025.04.20"]
[EventType "swiss"]
[EventRounds "10"]
[EventCountry "IND"]
[SourceTitle "CB18_2025"]
[SourceDate "2025.04.30"]
[SourceVersion "1"]
[SourceVersionDate "2025.04.30"]
[SourceQuality "1"]

1. c4 e5 2. Nc3 Bb4 3. Nd5 Be7 4. d4 d6 5. e4 Nf6 6. Nxe7 Qxe7 7. f3 0-0 8. Ne2 Nh5 9. Be3 exd4 10. Nxd4 f5 11. Bd3 Nf6 12. 0-0 fxe4 13. Bxe4 Nxe4 14. fxe4 Rxf1+ 15. Qxf1 Qxe4 16. Re1 Bd7 17. Bf2 Qf4 18. Re7 Nc6 19. Nxc6 Bxc6 20. Be1 Qg5 21. Qf7+ Kh8 22. g3 Rg8 23. Bc3 h6 24. Qf4 Qg6 25. Rxc7 Kh7 26. Re7 Qd3 27. Re6 Re8 28. Rxd6 Qc2 29. Qd2 Qb1+ 30. Qd1 Qf5 31. Qd4 Re7 32. Qf2 Qe4 33. Rxc6 bxc6 34. Qd4 Qxd4+ 35. Bxd4 Re2 36. a4 a6 37. Bc3 Re4 38. a5 Rxc4 0-1

[Event "Bengaluru Namma op 2nd"]
[Site "Bengaluru"]
[Date "2025.04.13"]
[Round "5"]
[White "Sri, Sai Baswanth P"]
[Black "Nguyen, Quoc Hy"]
[Result "0-1"]
[WhiteElo "2213"]
[BlackElo "2404"]
[PlyCount "88"]
[EventDate "2025.04.10"]
[EventType "swiss"]
[EventRounds "10"]
[EventCountry "IND"]
[SourceTitle "CB18_2025"]
[SourceDate "2025.04.30"]
[SourceVersion "1"]
[SourceVersionDate "2025.04.30"]
[SourceQuality "1"]

1. c4 c5 2. g3 g6 3. Bg2 Bg7 4. Nc3 Nc6 5. Nf3 d6 6. 0-0 Rb8 7. e3 Nf6 8. b3 Ne4 9. Bb2 Nxc3 10. Bxc3 Bxc3 11. dxc3 0-0 12. Qd2 a6 13. Rfd1 Bf5 14. h3 Qc8 15. Kh2 Be4 16. Ne1 Bxg2 17. Kxg2 b5 18. Qe2 Qe6 19. cxb5 axb5 20. Nd3 b4 21. Qf3 Ne5 22. Nxe5 Qxe5 23. cxb4 Rxb4 24. Rab1 Rfb8 25. Rd2 R4b7 26. Rc1 Ra7 27. Rc4 Rba8 28. Qe2 Qe6 29. e4 Qe5 30. Rcc2 Ra6 31. f4 Qe6 32. Kh2 Ra5 33. Kg2 Rb8 34. Rc4 Rab5 35. Rdc2 Qd7 36. Ra4 e6 37. Rd2 d5 38. exd5 exd5 39. Re4 Qc6 40. Re5 c4 41. Qf3 cxb3 42. axb3 Rxb3 43. Qxd5 Qc3 44. Rg5 Rb2 0-1

[Event "Bengaluru Namma op 2nd"]
[Site "Bengaluru"]
[Date "2025.04.11"]
[Round "3"]
[White "Anuj, Shrivatri"]
[Black "Sri, Sai Baswanth P"]
[Result "1-0"]
[WhiteElo "2400"]
[BlackElo "2213"]
[PlyCount "99"]
[EventDate "2025.04.10"]
[EventType "swiss"]
[EventRounds "10"]
[EventCountry "IND"]
[SourceTitle "CB18_2025"]
[SourceDate "2025.04.30"]
[SourceVersion "1"]
[SourceVersionDate "2025.04.30"]
[SourceQuality "1"]

1. Nf3 Nf6 2. g3 c5 3. Bg2 Nc6 4. c4 d5 5. cxd5 Nxd5 6. Nc3 Nc7 7. a3 g6 8. d3 Bg7 9. Be3 Nd4 10. Rc1 0-0 11. 0-0 Bg4 12. Nd2 Rb8 13. h3 Bd7 14. b4 cxb4 15. axb4 Bc6 16. Nde4 Nd5 17. Nxd5 Bxd5 18. Bxd4 Bxd4 19. e3 Bg7 20. Qa4 a6 21. Rfd1 Rc8 22. Rc5 Bc6 23. Qc2 Bxe4 24. Bxe4 b6 25. Rxc8 Qxc8 26. Qxc8 Rxc8 27. Bb7 Rc2 28. Bxa6 Ra2 29. Bc4 Ra1 30. Rxa1 Bxa1 31. b5 Kg7 32. f4 e5 33. Kf2 f5 34. Kf3 Kf6 35. g4 exf4 36. Kxf4 Be5+ 37. Kf3 h6 38. d4 Bh2 39. Bd5 Bd6 40. Bc6 Bb4 41. Bd7 h5 42. gxh5 gxh5 43. Kg3 Bd2 44. Kf4 Bc1 45. Bxf5 Bxe3+ 46. Kxe3 Kxf5 47. Kf3 h4 48. Ke3 Ke6 49. Ke4 Kd6 50. d5 1-0

[Event "Goa op"]
[Site "Taleigao"]
[Date "2025.01.19"]
[Round "10"]
[White "Sanket, Chakravarty"]
[Black "Sri, Sai Baswanth P"]
[Result "1/2-1/2"]
[WhiteElo "2374"]
[BlackElo "2161"]
[PlyCount "68"]
[EventDate "2025.01.11"]
[EventType "swiss"]
[EventRounds "10"]
[EventCountry "IND"]
[SourceTitle "CB04_2025"]
[SourceDate "2025.01.22"]
[SourceVersion "1"]
[SourceVersionDate "2025.01.22"]
[SourceQuality "1"]

1. e4 c5 2. Nf3 e6 3. c3 Nf6 4. e5 Nd5 5. Bc4 d6 6. d4 cxd4 7. cxd4 Be7 8. 0-0 0-0 9. Re1 b6 10. Nc3 Nxc3 11. bxc3 Nd7 12. Bf4 dxe5 13. Nxe5 Bb7 14. Re3 Nf6 15. Rg3 Ne4 16. Rh3 Bg5 17. Bxg5 Qxg5 18. Qc2 Rfc8 19. Re1 Qd2 20. Qxd2 Nxd2 21. Bd3 f5 22. g4 Rxc3 23. Rd1 Nf3+ 24. Rxf3 Bxf3 25. Nxf3 fxg4 26. Ng5 h6 27. Nxe6 Rac8 28. Kg2 Kf7 29. Bf5 Kf6 30. Bxg4 h5 31. Bxh5 Kxe6 32. Bg4+ Kd5 33. Bxc8 Rxc8 34. Rd2 Rc4 1/2-1/2

[Event "Chennai op 15th"]
[Site "Chennai"]
[Date "2025.01.07"]
[Round "8"]
[White "Rios Gomez, Cristhian Camilo"]
[Black "Sri, Sai Baswanth P"]
[Result "1-0"]
[WhiteElo "2435"]
[BlackElo "2161"]
[PlyCount "115"]
[EventDate "2025.01.02"]
[EventType "swiss"]
[EventRounds "10"]
[EventCountry "IND"]
[SourceTitle "CB03_2025"]
[SourceDate "2025.01.15"]
[SourceVersion "1"]
[SourceVersionDate "2025.01.15"]
[SourceQuality "1"]

1. e4 c5 2. Nf3 e6 3. d4 cxd4 4. Nxd4 Nf6 5. Nc3 Nc6 6. Ndb5 Bc5 7. Bf4 0-0 8. Bc7 Qe7 9. Bd6 Bxd6 10. Qxd6 Qd8 11. 0-0-0 a6 12. Nd4 Ne7 13. a4 Ne8 14. Qb4 Rb8 15. Bc4 d6 16. f4 Bd7 17. e5 Nc6 18. Nxc6 bxc6 19. Qa3 d5 20. Bd3 f5 21. a5 Nc7 22. Na4 c5 23. Nxc5 Qe7 24. Nxd7 Qxd7 25. Qd6 Qxd6 26. exd6 Nb5 27. Rhe1 Kf7 28. d7 Nd6 29. Re5 Rfd8 30. Rde1 Ne4 31. Bxe4 dxe4 32. Rd1 Rb7 33. c3 Rbxd7 34. Rxd7+ Rxd7 35. b4 Ke7 36. g4 g6 37. gxf5 gxf5 38. b5 axb5 39. Rxb5 Rd6 40. Kc2 Kd7 41. Rb7+ Kc8 42. Rxh7 Ra6 43. h4 Rxa5 44. h5 Ra2+ 45. Kd1 Rh2 46. h6 Kb8 47. c4 Kc8 48. c5 e3 49. Rh8+ Kc7 50. h7 Kb7 51. c6+ Kxc6 52. Rc8+ Kd5 53. h8Q Rxh8 54. Rxh8 Ke4 55. Re8 Kxf4 56. Rxe6 Kf3 57. Ke1 f4 58. Re8 1-0

[Event "Chennai op 15th"]
[Site "Chennai"]
[Date "2025.01.04"]
[Round "4"]
[White "Sri, Sai Baswanth P"]
[Black "Agibileg, Uurtsaikh"]
[Result "1/2-1/2"]
[WhiteElo "2161"]
[BlackElo "2392"]
[PlyCount "68"]
[EventDate "2025.01.02"]
[EventType "swiss"]
[EventRounds "10"]
[EventCountry "IND"]
[SourceTitle "CB03_2025"]
[SourceDate "2025.01.15"]
[SourceVersion "1"]
[SourceVersionDate "2025.01.15"]
[SourceQuality "1"]

1. c4 Nf6 2. g3 g6 3. d4 Bg7 4. Bg2 0-0 5. Nf3 d6 6. Nc3 Nc6 7. 0-0 a6 8. b3 Rb8 9. d5 Na5 10. Bg5 c5 11. dxc6 Nxc6 12. Rc1 Bd7 13. Nd5 Nxd5 14. cxd5 Ne5 15. Nxe5 Bxe5 16. Qd2 Bf6 17. Bxf6 exf6 18. Qb4 Bb5 19. Bf3 Re8 20. Rc2 Re7 21. Rfc1 Kg7 22. Qd4 a5 23. Bg4 Bd7 24. Bxd7 Qxd7 25. Qb6 Qd8 26. Qxd8 Rxd8 27. e3 f5 28. Rc7 Kf6 29. Rxe7 Kxe7 30. Rc7+ Rd7 31. Rc8 Rd8 32. Rc7+ Rd7 33. Rc8 Rd8 34. Rc7+ Rd7 1/2-1/2

[Event "Leca da Palmeira op 3rd"]
[Site "Leca da Palmeira"]
[Date "2024.08.06"]
[Round "9"]
[White "Pettersson, Anders1"]
[Black "Sri, Sai Baswanth P"]
[Result "0-1"]
[WhiteElo "2075"]
[BlackElo "2199"]
[PlyCount "121"]
[EventDate "2024.07.31"]
[EventType "swiss"]
[EventRounds "9"]
[EventCountry "POR"]
[SourceTitle "EXT 2025"]
[Source "ChessBase"]
[SourceDate "2024.10.14"]
[SourceVersion "1"]
[SourceVersionDate "2024.10.14"]
[SourceQuality "1"]

1. d4 Nf6 2. c4 e6 3. Nf3 b6 4. Bg5 Bb7 5. Nc3 Be7 6. e3 0-0 7. Bd3 d5 8. Bxf6 Bxf6 9. cxd5 exd5 10. Qc2 g6 11. b4 Qe7 12. Qa4 c5 13. bxc5 bxc5 14. 0-0 c4 15. Be2 a5 16. Nd2 Bc6 17. Qc2 Na6 18. Bf3 Nb4 19. Qd1 Qd6 20. a3 Na6 21. Qc2 Bg7 22. Rfb1 Rab8 23. Ra2 Rxb1+ 24. Qxb1 Rb8 25. Rb2 Bf8 26. Rxb8 Nxb8 27. g3 Nd7 28. Qb2 f5 29. Ndb1 Be7 30. Kg2 Bd8 31. Nd2 Nf6 32. h3 Ne4 33. Ndxe4 fxe4 34. Bg4 a4 35. Bd1 Qd7 36. Qb8 Qc7 37. Qxc7 Bxc7 38. Nxa4 Ba5 39. f3 exf3+ 40. Kxf3 Kf7 41. Nc5 Bc3 42. Kf4 Kf6 43. h4 h6 44. Bc2 Be8 45. a4 Bc6 46. g4 g5+ 47. hxg5+ hxg5+ 48. Kf3 Ke7 49. Ke2 Kd6 50. a5 Bxa5 51. e4 c3 52. e5+ Ke7 53. Ke3 Bb5 54. Nb7 Bb4 55. Bd3 Ba4 56. Nd6 c2 57. Nf5+ Kf8 58. Bxc2 Bxc2 59. Ng3 Bd1 60. Nh5 Be7 61. Nf4 0-1

[Event "Pardubice Czech op-A 35th"]
[Site "Pardubice"]
[Date "2024.07.20"]
[Round "2"]
[White "Sri, Sai Baswanth P"]
[Black "Stalmach, Richard"]
[Result "0-1"]
[WhiteElo "2199"]
[BlackElo "2464"]
[PlyCount "76"]
[EventDate "2024.07.19"]
[EventType "swiss"]
[EventRounds "9"]
[EventCountry "CZE"]
[SourceTitle "CBM 221 Extra"]
[Source "ChessBase"]
[SourceDate "2024.09.30"]
[SourceVersion "1"]
[SourceVersionDate "2024.09.30"]
[SourceQuality "1"]

1. d4 Nf6 2. c4 g6 3. g3 Bg7 4. Bg2 d6 5. Nc3 0-0 6. Nf3 Nc6 7. d5 Na5 8. b3 a6 9. 0-0 Rb8 10. Bd2 c5 11. dxc6 Nxc6 12. Rc1 Bf5 13. Nd5 Be4 14. Nc3 Bf5 15. Nd5 Rc8 16. Nh4 Bd7 17. Bc3 Nxd5 18. cxd5 Nd4 19. Bxd4 Rxc1 20. Qxc1 Bxd4 21. Nf3 Bf6 22. Qd2 Qb6 23. Rc1 Rc8 24. Rxc8+ Bxc8 25. e3 Qc5 26. Nd4 b5 27. Nc6 Bf5 28. b4 Qc4 29. Bf1 Qe4 30. Nb8 Bc8 31. h3 Qb1 32. Kg2 Bxh3+ 33. Kxh3 Qxf1+ 34. Kh2 h5 35. Nxa6 h4 36. Nb8 Kh7 37. gxh4 Bxh4 38. f4 Bf2 0-1

[Event "Novi Sad TS GM/IM Mix 189th"]
[Site "Novi Sad"]
[Date "2024.03.02"]
[Round "4"]
[White "Sri, Sai Baswanth P"]
[Black "Campos, Eugenio"]
[Result "1-0"]
[WhiteElo "2064"]
[BlackElo "2101"]
[PlyCount "93"]
[EventDate "2024.02.29"]
[EventType "swiss"]
[EventRounds "9"]
[EventCountry "SRB"]
[SourceTitle "CBM 219 Extra"]
[Source "ChessBase"]
[SourceDate "2024.05.31"]
[SourceVersion "1"]
[SourceVersionDate "2024.05.31"]
[SourceQuality "1"]

1. c4 Nf6 2. g3 g6 3. d4 Bg7 4. Bg2 0-0 5. Nc3 d6 6. Nf3 Nbd7 7. 0-0 e5 8. e4 exd4 9. Nxd4 Re8 10. h3 Nc5 11. Re1 a5 12. Qc2 c6 13. Bf4 Nh5 14. Be3 Nf6 15. Rad1 Qe7 16. Nb3 Nfd7 17. Qd2 Bf8 18. f4 Nb6 19. Qe2 Be6 20. Nxc5 dxc5 21. b3 a4 22. e5 axb3 23. axb3 Ra3 24. Ne4 Nd7 25. Rxd7 Bxd7 26. Bxc5 Qxc5+ 27. Nxc5 Bxc5+ 28. Kh2 Rea8 29. Qd3 Be6 30. g4 b5 31. Qe4 bxc4 32. bxc4 R8a4 33. Qxc6 Rxc4 34. Qe8+ Bf8 35. Rd1 Rc8 36. Rd8 Rxd8 37. Qxd8 h6 38. Qd4 Ra2 39. Qe4 Rd2 40. Qe3 Rb2 41. Qd3 Rf2 42. Kg3 Rb2 43. Bd5 Bxd5 44. Qxd5 Rb6 45. f5 gxf5 46. gxf5 Kg7 47. e6 1-0

[Event "Senta Fantastico op 02"]
[Site "Senta"]
[Date "2024.02.25"]
[Round "6"]
[White "Sri, Sai Baswanth P"]
[Black "Gagic, Milan A"]
[Result "0-1"]
[WhiteElo "2064"]
[BlackElo "2242"]
[PlyCount "54"]
[EventDate "2024.02.22"]
[EventType "swiss"]
[EventRounds "9"]
[EventCountry "SRB"]
[SourceTitle "CBM 219 Extra"]
[Source "ChessBase"]
[SourceDate "2024.05.31"]
[SourceVersion "1"]
[SourceVersionDate "2024.05.31"]
[SourceQuality "1"]

1. c4 e5 2. g3 Nc6 3. Bg2 h5 4. Nf3 e4 5. Ng1 Nf6 6. Nc3 h4 7. d4 Bb4 8. Bg5 d5 9. a3 Bxc3+ 10. bxc3 h3 11. Bf1 dxc4 12. e3 Qd5 13. Bxf6 gxf6 14. Ne2 Qa5 15. Qc2 Be6 16. Nf4 0-0-0 17. Nxe6 fxe6 18. Bxc4 Qf5 19. f4 Ne7 20. Qb3 Nd5 21. Rb1 b6 22. Ba6+ Kb8 23. 0-0 Nxe3 24. Rf2 Ng4 25. Re2 e3 26. Qc2 Qd5 27. Qb3 Qf3 0-1

[Event "Senta Fantastico op 02"]
[Site "Senta"]
[Date "2024.02.23"]
[Round "3"]
[White "Sri, Sai Baswanth P"]
[Black "Ljepic, Andrej"]
[Result "1/2-1/2"]
[WhiteElo "2064"]
[BlackElo "2276"]
[PlyCount "66"]
[EventDate "2024.02.22"]
[EventType "swiss"]
[EventRounds "9"]
[EventCountry "SRB"]
[SourceTitle "CBM 219 Extra"]
[Source "ChessBase"]
[SourceDate "2024.05.31"]
[SourceVersion "1"]
[SourceVersionDate "2024.05.31"]
[SourceQuality "1"]

1. c4 e5 2. g3 c6 3. Nf3 e4 4. Nd4 d5 5. cxd5 Qxd5 6. Nc2 Nf6 7. Nc3 Qe5 8. Bg2 Na6 9. Rb1 h5 10. d4 exd3 11. Qxd3 Nc5 12. Qd4 Bd6 13. Be3 Bf5 14. Qxe5+ Bxe5 15. Bxc5 Bxc2 16. Rc1 Bxc3+ 17. bxc3 Be4 18. f3 Bd5 19. c4 Be6 20. 0-0 b6 21. Bd6 c5 22. a4 0-0-0 23. Be5 Rd2 24. a5 Rxe2 25. axb6 Rxe5 26. bxa7 Kc7 27. Ra1 Ra8 28. f4 Re4 29. Ra5 Bd7 30. Rxc5+ Bc6 31. Rxc6+ Kxc6 32. Re1 Rxa7 33. Bxe4+ Kc5 1/2-1/2

[Event "Pozarevac Rudar IM 02"]
[Site "Pozarevac"]
[Date "2024.02.14"]
[Round "8"]
[White "Sri, Sai Baswanth P"]
[Black "Spasic, Petar"]
[Result "1/2-1/2"]
[WhiteElo "2064"]
[BlackElo "2343"]
[PlyCount "163"]
[EventDate "2024.02.08"]
[EventType "tourn"]
[EventRounds "9"]
[EventCountry "SRB"]
[SourceTitle "CBM 218 Extra"]
[Source "ChessBase"]
[SourceDate "2024.03.31"]
[SourceVersion "1"]
[SourceVersionDate "2024.03.31"]
[SourceQuality "1"]

1. c4 c5 2. g3 g6 3. Bg2 Bg7 4. Nc3 Nc6 5. Nf3 a6 6. 0-0 Rb8 7. e3 d6 8. d4 Nh6 9. dxc5 Bxc3 10. bxc3 dxc5 11. Qxd8+ Kxd8 12. e4 Ng4 13. h3 Nf6 14. Bf4 Ra8 15. e5 Ne4 16. Rfe1 Nxc3 17. Ng5 Ke8 18. Bd2 Na4 19. Bd5 Nd8 20. e6 fxe6 21. Bxe6 h6 22. Bxc8 Rxc8 23. Ne4 Rc6 24. Rab1 Re6 25. Re3 Rf8 26. Rbe1 g5 27. Nd6+ Kd7 28. Ne4 Kc6 29. Rd3 Nf7 30. f4 gxf4 31. Bxf4 Ne5 32. Ra3 Nb6 33. Nd2 Rd8 34. Rb3 Rdd6 35. Reb1 Nbd7 36. Kf1 b6 37. Re1 Rg6 38. Ne4 Rd4 39. Nf2 Nxc4 40. Rxe7 Rxf4 41. gxf4 Nd2+ 42. Ke2 Nxb3 43. axb3 Rg3 44. Re6+ Kd5 45. f5 Rg5 46. Re7 Ne5 47. Nd1 Nc6 48. Ne3+ Kd6 49. Re6+ Kc7 50. Kd3 Nd4 51. Nd5+ Kd8 52. Rd6+ Ke8 53. Rxb6 Nxf5 54. Kc4 a5 55. Nf6+ Kf7 56. Ne4 Rh5 57. Rb7+ Kf8 58. Rb8+ Ke7 59. Re8+ Kf7 60. Ra8 Rh4 61. Kd5 Ne7+ 62. Ke5 Nc6+ 63. Kd6 Rxe4 64. Kxc6 Re3 65. Kxc5 Rxb3 66. Rxa5 Rxh3 67. Ra6 Kg7 68. Kd4 Rf3 69. Ke4 Rf1 70. Ke3 h5 71. Ra2 Kh6 72. Rf2 Rg1 73. Kf3 h4 74. Rg2 Ra1 75. Kg4 Ra4+ 76. Kh3 Kh5 77. Rb2 Ra3+ 78. Kh2 Ra4 79. Kh3 Ra3+ 80. Kh2 Ra4 81. Kh3 Ra3+ 82. Kh2 1/2-1/2

[Event "Pozarevac Rudar IM 02"]
[Site "Pozarevac"]
[Date "2024.02.11"]
[Round "4"]
[White "Sri, Sai Baswanth P"]
[Black "Mesic, Ismet"]
[Result "1/2-1/2"]
[WhiteElo "2064"]
[BlackElo "2232"]
[PlyCount "63"]
[EventDate "2024.02.08"]
[EventType "tourn"]
[EventRounds "9"]
[EventCountry "SRB"]
[SourceTitle "CBM 218 Extra"]
[Source "ChessBase"]
[SourceDate "2024.03.31"]
[SourceVersion "1"]
[SourceVersionDate "2024.03.31"]
[SourceQuality "1"]

1. c4 e6 2. g3 d5 3. Bg2 Nf6 4. Nf3 Be7 5. 0-0 0-0 6. b3 c5 7. cxd5 Nxd5 8. Bb2 b6 9. d4 cxd4 10. Nxd4 Bb7 11. e4 Nb4 12. a3 N4c6 13. e5 Qc8 14. Nf3 Nd7 15. Nbd2 Rd8 16. Qe2 Ba6 17. Nc4 Na5 18. Nd4 Nxc4 19. Nc6 Nxb2 20. Qxb2 Re8 21. Rfc1 Bc5 22. b4 Bb7 23. bxc5 Nxc5 24. Nxa7 Rxa7 25. Qxb6 Qa8 26. Bxb7 Nxb7 27. Rc7 Rxa3 28. Rxa3 Qxa3 29. Qxb7 Qa1+ 30. Kg2 Rf8 31. Rc5 Qd4 32. Ra5 1/2-1/2

[Event "Pozarevac Rudar IM 02"]
[Site "Pozarevac"]
[Date "2024.02.09"]
[Round "2"]
[White "Karamsetty, Jeevan"]
[Black "Sri, Sai Baswanth P"]
[Result "1/2-1/2"]
[WhiteElo "2188"]
[BlackElo "2064"]
[PlyCount "77"]
[EventDate "2024.02.08"]
[EventType "tourn"]
[EventRounds "9"]
[EventCountry "SRB"]
[SourceTitle "CBM 218 Extra"]
[Source "ChessBase"]
[SourceDate "2024.03.31"]
[SourceVersion "1"]
[SourceVersionDate "2024.03.31"]
[SourceQuality "1"]

1. e4 c5 2. Nf3 e6 3. d3 Nc6 4. g3 g6 5. Bg5 f6 6. Bd2 Bg7 7. Bg2 Nge7 8. 0-0 0-0 9. Re1 d6 10. Qc1 e5 11. c3 Be6 12. Na3 Qd7 13. Nc2 Rfd8 14. Bh6 d5 15. Bxg7 Kxg7 16. exd5 Bxd5 17. Rd1 Rac8 18. Ne3 Be6 19. Qc2 Nd4 20. Qd2 Nxf3+ 21. Bxf3 Nd5 22. Qe2 Nxe3 23. fxe3 Bf5 24. e4 Be6 25. Qe3 Rc6 26. Be2 h5 27. Rd2 b6 28. b3 Rd6 29. Rad1 a5 30. Bf1 a4 31. Rb1 a3 32. Rf2 Qc6 33. Qc1 Rxd3 34. Bxd3 Rxd3 35. Rxf6 Qxe4 36. Rxe6 Rxc3 37. Qf1 Rf3 38. Qd1 Rd3 39. Qf1 1/2-1/2

[Event "Pozarevac Rudar IM 02"]
[Site "Pozarevac"]
[Date "2024.02.08"]
[Round "1"]
[White "Sri, Sai Baswanth P"]
[Black "Popchev, Milko"]
[Result "1/2-1/2"]
[WhiteElo "2064"]
[BlackElo "2186"]
[PlyCount "160"]
[EventDate "2024.02.08"]
[EventType "tourn"]
[EventRounds "9"]
[EventCountry "SRB"]
[SourceTitle "CBM 218 Extra"]
[Source "ChessBase"]
[SourceDate "2024.03.31"]
[SourceVersion "1"]
[SourceVersionDate "2024.03.31"]
[SourceQuality "1"]

1. d4 d6 2. e4 e5 3. Nf3 exd4 4. Nxd4 Nf6 5. Nc3 Be7 6. Bf4 0-0 7. Qd2 Nc6 8. 0-0-0 Nxd4 9. Qxd4 Nd7 10. Qd2 Nb6 11. h4 Be6 12. f3 Qd7 13. g4 Rad8 14. h5 c6 15. g5 d5 16. g6 fxg6 17. hxg6 hxg6 18. Qh2 Rxf4 19. Qxf4 d4 20. Qg3 g5 21. Qh2 Qe8 22. Qh7+ Kf8 23. Ne2 Bf6 24. Ng3 Bg8 25. Qf5 Qe5 26. Qxe5 Bxe5 27. Nf5 g6 28. Nh6 Be6 29. Bh3 Bc4 30. Kb1 Kg7 31. Ng4 Bf4 32. Bf1 Be6 33. Nf2 Be3 34. Nd3 Bg8 35. Nc5 Rf8 36. Rh3 Re8 37. Nb3 g4 38. fxg4 Rxe4 39. Be2 Nd5 40. Bf3 Rf4 41. c3 c5 42. Nxc5 Nb6 43. cxd4 Bxd4 44. Nd3 Rf8 45. b3 a5 46. Nc1 Be5 47. Bxb7 Rb8 48. Re3 Bf6 49. Bc6 Nc4 50. Rd7+ Kf8 51. Re8+ Rxe8 52. bxc4 Bxc4 53. Nb3 Re2 54. Rd2 Re1+ 55. Kc2 Be6 56. Bd7 Bxd7 57. Rxd7 a4 58. Nc5 a3 59. Rd1 Rxd1 60. Kxd1 Ke7 61. Kc2 Bd4 62. Nb3 Bb6 63. Kd3 Kd6 64. Ke4 Bf2 65. Kf4 Ke6 66. Nd2 Bc5 67. Ke4 Be7 68. Nc4 Bb4 69. Ne5 Kf6 70. Nf3 Bc3 71. g5+ Ke6 72. Nh4 Bd2 73. Nxg6 Bxg5 74. Ne5 Be7 75. Nc4 Bf8 76. Kd4 Bg7+ 77. Kc5 Bb2 78. Kb4 Kd5 79. Nxa3 Bxa3+ 80. Kxa3 Ke5 1/2-1/2

[Event "Pozarevac Rudar IM-B 01"]
[Site "Pozarevac"]
[Date "2024.01.31"]
[Round "1.1"]
[White "Nestorovic, Lazar"]
[Black "Sri, Sai Baswanth P"]
[Result "1-0"]
[WhiteElo "2340"]
[BlackElo "2096"]
[PlyCount "111"]
[EventDate "2024.01.31"]
[EventType "tourn"]
[EventRounds "9"]
[EventCountry "SRB"]
[SourceTitle "CBM 218 Extra"]
[Source "ChessBase"]
[SourceDate "2024.03.31"]
[SourceVersion "1"]
[SourceVersionDate "2024.03.31"]
[SourceQuality "1"]
[WhiteTeam "TIeam A"]
[BlackTeam "TIeam B"]
[WhiteTeamCountry "SRB"]
[BlackTeamCountry "SRB"]

1. Nf3 c5 2. g3 Nf6 3. Bg2 Nc6 4. 0-0 e5 5. d3 d5 6. Nbd2 Be7 7. e4 d4 8. Nc4 Qc7 9. a4 Be6 10. b3 Nd7 11. Ne1 0-0-0 12. f4 f6 13. Bd2 h5 14. Nf3 g6 15. Rf2 Rhg8 16. f5 Bxc4 17. dxc4 g5 18. Ne1 Rh8 19. h3 Ndb8 20. Nd3 Na6 21. Bf3 h4 22. gxh4 Rxh4 23. Bg4 Rdh8 24. Rg2 Bd8 25. Be1 R4h6 26. Qf3 Qd6 27. Rd1 Ba5 28. Qe2 Bxe1 29. Qxe1 Qe7 30. Qd2 Kb8 31. Rg3 Rd8 32. Nf2 Nab4 33. Be2 Na2 34. Bd3 Nc3 35. Rf1 Rhh8 36. Kg2 Nb4 37. Be2 Qd6 38. Bd3 Qc6 39. Re1 Na6 40. Rg4 Nc7 41. Rh1 Qd7 42. h4 gxh4 43. Rhxh4 Rdf8 44. Qc1 Ne8 45. Qh1 Rxh4 46. Qxh4 Nd6 47. Qh6 Rf7 48. Rg8+ Kc7 49. Kf1 Kb6 50. Kg2 Ka5 51. Kf1 Qe7 52. Qh4 Rg7 53. Rh8 a6 54. Rh6 Rf7 55. Rg6 Kb4 56. Rh6 1-0

[Event "Pozarevac Rudar IM 01"]
[Site "Pozarevac"]
[Date "2024.01.28"]
[Round "6.2"]
[White "Yilmaz, Baver"]
[Black "Sri, Sai Baswanth P"]
[Result "1/2-1/2"]
[WhiteElo "2261"]
[BlackElo "2096"]
[PlyCount "143"]
[EventDate "2024.01.24"]
[EventType "tourn"]
[EventRounds "9"]
[EventCountry "SRB"]
[SourceTitle "CBM 218 Extra"]
[Source "ChessBase"]
[SourceDate "2024.03.31"]
[SourceVersion "1"]
[SourceVersionDate "2024.03.31"]
[SourceQuality "1"]
[WhiteTeam "Team D"]
[BlackTeam "Team C"]
[WhiteTeamCountry "SRB"]
[BlackTeamCountry "SRB"]

1. e4 c5 2. Nf3 e6 3. d4 cxd4 4. Nxd4 Nf6 5. Nc3 Nc6 6. Ndb5 Bc5 7. Bf4 0-0 8. Bc7 Qe7 9. Bd6 Bxd6 10. Qxd6 Qd8 11. Nc7 Rb8 12. Be2 b5 13. e5 Ne8 14. Nxe8 Rxe8 15. Bxb5 Qa5 16. Bxc6 Rxb2 17. 0-0 Qxc3 18. Bxd7 Rd8 19. Qe7 Qc7 20. Qa3 Rxc2 21. Bxc8 Rxc8 22. Rad1 Qc5 23. Qxc5 R2xc5 24. f4 Rc2 25. Rf2 Rxf2 26. Kxf2 Rc2+ 27. Ke3 g5 28. fxg5 Rxg2 29. h4 Rxa2 30. h5 Kg7 31. Rd8 Ra3+ 32. Kf4 Ra4+ 33. Kf3 Rb4 34. h6+ Kg6 35. Rg8+ Kh5 36. Rg7 Rb1 37. Ke4 Rf1 38. Rxh7 Kxg5 39. Rh8 Rf4+ 40. Ke3 Rh4 41. Ra8 Rxh6 42. Rxa7 Rh7 43. Kd4 Kf5 44. Rb7 Rh4+ 45. Ke3 Kg6 46. Rb1 Rg4 47. Rf1 Kg7 48. Rf2 Ra4 49. Rg2+ Kf8 50. Rg1 Ke7 51. Rb1 Ra7 52. Ke4 Kd7 53. Rd1+ Kc6 54. Rc1+ Kb5 55. Rb1+ Kc4 56. Rc1+ Kb3 57. Kf4 Ra4+ 58. Ke3 Ra7 59. Kf4 Ra2 60. Ke3 Rc2 61. Rb1+ Kc4 62. Rf1 Kd5 63. Rxf7 Kxe5 64. Ra7 Rc3+ 65. Ke2 Kf4 66. Ra4+ Kf5 67. Rb4 e5 68. Ra4 Rb3 69. Kf2 Rb5 70. Ke3 e4 71. Ra8 Rb3+ 72. Ke2 1/2-1/2

[Event "Pozarevac Rudar IM 01"]
[Site "Pozarevac"]
[Date "2024.01.26"]
[Round "4.2"]
[White "Apaar, Saxena"]
[Black "Sri, Sai Baswanth P"]
[Result "0-1"]
[WhiteElo "2150"]
[BlackElo "2096"]
[PlyCount "94"]
[EventDate "2024.01.24"]
[EventType "tourn"]
[EventRounds "9"]
[EventCountry "SRB"]
[SourceTitle "CBM 218 Extra"]
[Source "ChessBase"]
[SourceDate "2024.03.31"]
[SourceVersion "1"]
[SourceVersionDate "2024.03.31"]
[SourceQuality "1"]
[WhiteTeam "Team B"]
[BlackTeam "Team C"]
[WhiteTeamCountry "SRB"]
[BlackTeamCountry "SRB"]

1. d4 Nf6 2. c4 e6 3. Nf3 c5 4. d5 d6 5. Nc3 exd5 6. cxd5 g6 7. Bf4 a6 8. a4 Bg7 9. h3 0-0 10. e3 Ne8 11. Be2 Nd7 12. a5 Rb8 13. 0-0 b5 14. axb6 Rxb6 15. Ra2 Qe7 16. Nd2 Ne5 17. Qa1 Nc7 18. Bh2 f5 19. Qd1 Bd7 20. Qc2 g5 21. f4 Nf7 22. Nc4 Rb4 23. fxg5 Bb5 24. Nxb5 axb5 25. Nxd6 Nxd6 26. Qxc5 Nce8 27. Qxb4 Qxe3+ 28. Kh1 Qxe2 29. Re1 Qf2 30. Bg1 Qc2 31. Bc5 Ne4 32. Bxf8 Bxf8 33. Qxb5 Qd2 34. Raa1 Nc7 35. Qd7 Qf4 36. Qd8 Kf7 37. Rxe4 fxe4 38. Qf6+ Qxf6 39. gxf6 Nxd5 40. Kg1 Bc5+ 41. Kf1 Kxf6 42. Ra5 Ne3+ 43. Ke2 Bd4 44. g4 Ke6 45. Rh5 Nd5 46. Rxh7 Nf4+ 47. Kf1 e3 0-1

[Event "Pozarevac Rudar IM 01"]
[Site "Pozarevac"]
[Date "2024.01.25"]
[Round "2.3"]
[White "Ilincic, Zlatko"]
[Black "Sri, Sai Baswanth P"]
[Result "1/2-1/2"]
[WhiteElo "2291"]
[BlackElo "2096"]
[PlyCount "39"]
[EventDate "2024.01.24"]
[EventType "tourn"]
[EventRounds "9"]
[EventCountry "SRB"]
[SourceTitle "CBM 218 Extra"]
[Source "ChessBase"]
[SourceDate "2024.03.31"]
[SourceVersion "1"]
[SourceVersionDate "2024.03.31"]
[SourceQuality "1"]
[WhiteTeam "Team A"]
[BlackTeam "Team C"]
[WhiteTeamCountry "SRB"]
[BlackTeamCountry "SRB"]

1. d4 Nf6 2. c4 c5 3. Nf3 cxd4 4. Nxd4 Nc6 5. Nc3 e6 6. a3 Be7 7. e3 0-0 8. Be2 a6 9. 0-0 d5 10. cxd5 Nxd4 11. Qxd4 Nxd5 12. Nxd5 Qxd5 13. Qxd5 exd5 14. Bf3 Be6 15. Rd1 Rfc8 16. Bxd5 Bxd5 17. Rxd5 Rc2 18. Rd2 Rac8 19. Rxc2 Rxc2 20. Rb1 1/2-1/2